000 00392nam a2200145Ia 4500
008 220217s9999||||xx |||||||||||||| ||und||
020 _a81-7808-155-5
082 _a004.62 WIN
100 _aWinston, Patrick Henry Horn, Berthold Klaus Paul
_92370
245 0 _aLISP
250 _a3rd
260 _aPearson education asia
_bDelhi
_c2002
300 _b375
650 _aCOMPUTER NETWORK
999 _c168896
_d168896